[Event "TCh-TUR Super League 2014"]
[Site "Kocaeli TUR"]
[Date "2014.08.19"]
[Round "2.3"]
[Board "6"]
[White "Oney, Gulumser"]
[Black "Melia, Salome"]
[Result "0-1"]
[BlackTitle "IM"]
[WhiteElo "1680"]
[BlackElo "2475"]
[WhiteTeam "Mersin Ezgi Satranc Kulubu"]
[BlackTeam "Turk Hava Yollari Spor Kulubu"]
[WhiteFideId "6343082"]
[BlackFideId "13602446"]
[EventDate "2014.08.18"]

1. Nf3 Nf6 2. g3 d5 3. Bg2 c5 4. d3 Nc6 5. O-O g6 6. Nbd2 Bg7 7. Re1 O-O 8. e4
e5 9. exd5 Nxd5 10. Nc4 Re8 11. Ne3 Nc7 12. Rb1 Be6 13. b3 Rc8 14. Bb2 Nd4 15.
Nc4 Bxc4 16. dxc4 Nc6 17. Qe2 e4 18. Nd2 Bxb2 19. Rxb2 f5 20. Nf1 Qf6 21. Reb1
Rcd8 22. a3 a5 23. Qe3 Ne6 24. Qc1 Ne5 25. b4 Nxc4 26. Ra2 a4 27. bxc5 Nxc5 28.
Rb4 Qc3 29. Rb5 e3 30. Rxc5 e2 31. Qg5 e1=Q 32. Qf4 b5 33. Bd5+ Rxd5 34. Rxd5
Qe4 0-1

[Event "TCh-TUR Super League 2014"]
[Site "Kocaeli TUR"]
[Date "2014.08.19"]
[Round "2.3"]
[Board "7"]
[White "Soysal, Serkan"]
[Black "Iskandarov, Misratdin"]
[Result "0-1"]
[BlackTitle "IM"]
[WhiteElo "2261"]
[BlackElo "2397"]
[WhiteTeam "Turk Hava Yollari Spor Kulubu"]
[BlackTeam "Mersin Ezgi Satranc Kulubu"]
[WhiteFideId "6349250"]
[BlackFideId "13400312"]
[EventDate "2014.08.18"]

1. e4 g6 2. d4 Bg7 3. Nc3 c6 4. h3 d6 5. Be3 b5 6. Bd3 Nd7 7. Nf3 a6 8. a4 b4 9.
Ne2 Ngf6 10. Qd2 a5 11. O-O O-O 12. Ng3 Qc7 13. Bh6 c5 14. Bxg7 Kxg7 15. Qg5
cxd4 16. Nf5+ Kh8 17. Nxe7 Qc5 18. Qxc5 dxc5 19. e5 Nh5 20. Nxc8 Raxc8 21. b3
Nf4 22. Bb5 Nb6 23. g3 Ne6 24. Nd2 Kg7 25. Rfe1 Rfd8 26. Kg2 Rc7 27. Rad1 Re7
28. Ne4 Nd5 29. Bc4 Nc3 30. Nxc3 bxc3 31. f4 Nc7 32. Kf3 Kf8 33. g4 Rde8 34. Re2
g5 35. Rde1 gxf4 36. Kxf4 Kg7 37. Kf5 Ne6 38. Rf2 Nf8 39. Bb5 Rd8 40. Bc4 Nd7
41. Bb5 Nb6 42. Re4 Nd5 43. Rfe2 Rc7 44. e6 Ne3+ 45. Kf4 fxe6 46. Rxe6 c4 47.
Bxc4 Nxc4 48. bxc4 Rxc4 49. Re7+ Kf8 50. R2e4 d3 51. cxd3 Rcc8 0-1

[Event "TCh-TUR Super League 2014"]
[Site "Kocaeli TUR"]
[Date "2014.08.19"]
[Round "2.3"]
[Board "8"]
[White "Ibrahimova, Sabina"]
[Black "Ozturk, Hilal"]
[Result "1-0"]
[WhiteTitle "WIM"]
[WhiteElo "2263"]
[BlackElo "1816"]
[WhiteTeam "Mersin Ezgi Satranc Kulubu"]
[BlackTeam "Turk Hava Yollari Spor Kulubu"]
[WhiteFideId "13403893"]
[BlackFideId "6315330"]
[EventDate "2014.08.18"]

1. e4 e5 2. Nf3 Nc6 3. Bb5 a6 4. Ba4 d6 5. O-O Bg4 6. c3 b5 7. Bc2 Qf6 8. a4 Rb8
9. axb5 axb5 10. Ra6 Nge7 11. d3 h6 12. Be3 g5 13. d4 Bc8 14. Ra1 Ng6 15. d5
Nce7 16. c4 Bg7 17. cxb5 O-O 18. Nc3 Nf4 19. Ne1 Neg6 20. f3 h5 21. Qd2 Bh6 22.
Kh1 Qg7 23. Nd3 Kh7 24. Nb4 Rg8 25. Nc6 Rb7 26. b4 g4 27. g3 gxf3 28. Rxf3 Bg4
29. Rff1 Bh3 30. Rf2 Nh4 31. Ne7 Nf3 32. Qd1 Nxh2 33. Bxf4 Bxf4 34. Qxh5+ Bh6
35. Rxf7 Bg4 36. Rxg7+ Rxg7 37. Qxh2 Rxe7 38. Rf1 Kg6 39. Qh4 1-0

[Event "TCh-TUR Super League 2014"]
[Site "Kocaeli TUR"]
[Date "2014.08.19"]
[Round "2.3"]
[Board "9"]
[White "Akdogan, Alperen"]
[Black "Duman, Necdet"]
[Result "1/2-1/2"]
[WhiteElo "1792"]
[BlackElo "1623"]
[WhiteTeam "Turk Hava Yollari Spor Kulubu"]
[BlackTeam "Mersin Ezgi Satranc Kulubu"]
[WhiteFideId "6347363"]
[BlackFideId "6321810"]
[EventDate "2014.08.18"]

1. d4 Nf6 2. Nf3 d6 3. Nbd2 Nbd7 4. e4 e5 5. c3 Be7 6. Bd3 O-O 7. O-O c6 8. Re1
Re8 9. Nf1 Bf8 10. Ng3 g6 11. h3 Bg7 12. dxe5 Nxe5 13. Nxe5 dxe5 14. Bg5 Be6 15.
Qc2 Qc7 16. Rad1 h6 17. Be3 Bf8 18. Kh1 Nd7 19. b3 Kh7 20. Bc1 b5 21. Be2 Nc5
22. Bb2 Rad8 23. Rxd8 Rxd8 24. Rd1 f6 25. Rd2 h5 26. Bc1 Bf7 27. Nf1 Ne6 28. Qd1
Rxd2 29. Qxd2 Qd6 30. Qe3 Qe7 31. Qf3 Bh6 32. Bxh6 Kxh6 33. Ne3 Nf4 34. Kh2 Qd7
35. Nf1 a5 36. Qe3 Kg7 37. g4 hxg4 38. Bxg4 Be6 39. Bxe6 Qxe6 40. Qa7+ Kh6 41.
Qe3 a4 42. Nd2 1/2-1/2

[Event "TCh-TUR Super League 2014"]
[Site "Kocaeli TUR"]
[Date "2014.08.19"]
[Round "2.3"]
[Board "10"]
[White "Mutlu, Beste"]
[Black "Kaymaz, Lena Nur"]
[Result "0-1"]
[WhiteElo "1629"]
[BlackElo "1687"]
[WhiteTeam "Mersin Ezgi Satranc Kulubu"]
[BlackTeam "Turk Hava Yollari Spor Kulubu"]
[WhiteFideId "6325050"]
[BlackFideId "6359990"]
[EventDate "2014.08.18"]

1. e4 d6 2. d4 Nf6 3. Nc3 g6 4. Nf3 Bg7 5. Bg5 O-O 6. Qd2 c5 7. Bxf6 Bxf6 8. Nd5
Bg7 9. h3 Nc6 10. c3 e6 11. Ne3 f5 12. exf5 exf5 13. Bc4+ Kh8 14. O-O f4 15. Nd5
Be6 16. Rfe1 Bf7 17. Bb3 Na5 18. c4 Nxb3 19. axb3 Bxd5 20. cxd5 b6 21. Re4 cxd4
22. Nxd4 Bxd4 23. Qxd4+ Qf6 24. Qd2 f3 25. Re6 Qf5 26. Rxd6 fxg2 27. Qc3+ Kg8
28. Qg3 Rae8 29. Qxg2 Re2 30. Rf1 Rxb2 31. Qg3 Rd2 32. Qg2 Rb2 33. Qg3 Rd2 34.
Qg2 Rd3 35. Re1 Rxh3 36. Re3 Qb1+ 37. Qf1 Rh1+ 0-1

[Event "TCh-TUR Super League 2014"]
[Site "Kocaeli TUR"]
[Date "2014.08.19"]
[Round "2.4"]
[Board "1"]
[White "Inarkiev, Ernesto"]
[Black "Alekseev, Evgeny"]
[Result "0-1"]
[WhiteTitle "GM"]
[BlackTitle "GM"]
[WhiteElo "2666"]
[BlackElo "2675"]
[WhiteTeam "Denizsu Aquamatch Satranc Genclik VE Spor Kulubu"]
[BlackTeam "Antalya Calli Spor Kulubu"]
[WhiteFideId "4162722"]
[BlackFideId "4138147"]
[EventDate "2014.08.18"]

1. d4 Nf6 2. c4 e6 3. Nf3 d5 4. g3 Bb4+ 5. Bd2 Be7 6. Bg2 O-O 7. O-O c6 8. Qc2
b6 9. Bf4 Nbd7 10. Rd1 Bb7 11. Ne5 Nh5 12. Bd2 Nhf6 13. cxd5 cxd5 14. Nc6 Bxc6
15. Qxc6 Rc8 16. Qb5 Ne8 17. Qd3 Nd6 18. b3 Nb8 19. Nc3 Nc6 20. e3 Qd7 21. Ne2
Rc7 22. Be1 Rfc8 23. f3 Ne8 24. a3 Nf6 25. Bc3 Na5 26. Rdb1 Bd6 27. Bb2 Qe7 28.
Rc1 Rxc1+ 29. Bxc1 Qc7 30. Ra2 h5 31. Bd2 Qe7 32. Qb5 h4 33. Kf2 e5 34. dxe5
Qxe5 35. Qd3 Qe7 36. Bc3 Re8 37. Nd4 g6 38. Re2 Bxa3 39. f4 Bc5 40. Kg1 Ne4 41.
gxh4 Nxc3 42. Qxc3 Qf6 43. Kf1 Nc6 44. Bxd5 Nxd4 45. exd4 Rxe2 46. Kxe2 Bxd4 47.
Qc7 Kg7 48. Kf3 Qf5 49. Bc4 b5 50. Bf1 Qd5+ 51. Ke2 Qxb3 52. Qc1 Qe6+ 53. Kf3
Qd5+ 54. Kg3 a5 55. Bg2 Qd6 56. Qc6 Qa3+ 57. Bf3 Qb2 58. h5 gxh5 59. Qd5 Qf2+
60. Kh3 Qf1+ 61. Kh4 Bf6+ 62. Kg3 h4+ 63. Kg4 a4 64. Qb7 Qg1+ 65. Kh3 Qe3 66.
Qe4 Qc3 67. Qd5 a3 68. Kg2 Qc2+ 69. Kh3 a2 70. Bh5 Qc3+ 71. Kg4 Qc4 0-1

[Event "TCh-TUR Super League 2014"]
[Site "Kocaeli TUR"]
[Date "2014.08.19"]
[Round "2.4"]
[Board "2"]
[White "Safarli, Eltaj"]
[Black "Eljanov, Pavel"]
[Result "1/2-1/2"]
[WhiteTitle "GM"]
[BlackTitle "GM"]
[WhiteElo "2649"]
[BlackElo "2723"]
[WhiteTeam "Antalya Calli Spor Kulubu"]
[BlackTeam "Denizsu Aquamatch Satranc Genclik VE Spor Kulubu"]
[WhiteFideId "13402129"]
[BlackFideId "14102951"]
[EventDate "2014.08.18"]

1. e4 c6 2. d4 d5 3. Nc3 dxe4 4. Nxe4 Bf5 5. Ng3 Bg6 6. h4 h6 7. Nf3 e6 8. Ne5
Bh7 9. Bd3 Bxd3 10. Qxd3 Nd7 11. Bf4 Qa5+ 12. c3 Nxe5 13. Bxe5 Nf6 14. O-O Ng4
15. Bf4 g5 16. b4 Qd8 17. hxg5 hxg5 18. Bd2 Bd6 19. Rfe1 Bf4 20. Qe2 Qc7 21.
Bxf4 Qxf4 22. Qc2 Nf6 23. b5 cxb5 24. Rab1 a6 25. a4 Kf8 26. axb5 a5 27. c4 Qxd4
28. Rbd1 Qh4 29. Qc3 Rh6 30. Rd4 Qh2+ 31. Kf1 Nh5 32. Nxh5 Qh1+ 33. Ke2 Qxh5+
34. g4 Qh2 35. Red1 Rh3 36. Rd8+ Rxd8 37. Rxd8+ Ke7 38. Qd4 Qc7 39. Ra8 Rb3 40.
c5 Rxb5 41. Qh8 Rxc5 42. Qe8+ Kf6 43. Qh8+ Ke7 1/2-1/2

[Event "TCh-TUR Super League 2014"]
[Site "Kocaeli TUR"]
[Date "2014.08.19"]
[Round "2.4"]
[Board "3"]
[White "Esen, Baris"]
[Black "Yurtseven, Melih"]
[Result "1/2-1/2"]
[WhiteTitle "GM"]
[WhiteElo "2589"]
[BlackElo "2271"]
[WhiteTeam "Denizsu Aquamatch Satranc Genclik VE Spor Kulubu"]
[BlackTeam "Antalya Calli Spor Kulubu"]
[WhiteFideId "6302114"]
[BlackFideId "6312160"]
[EventDate "2014.08.18"]

1. Nf3 Nf6 2. c4 c5 3. Nc3 g6 4. d4 Bg7 5. g3 O-O 6. Bg2 d5 7. dxc5 dxc4 8. Qxd8
Rxd8 9. Ne5 Nfd7 10. Nxd7 Nxd7 11. Be3 Ne5 12. Nd5 Nc6 13. O-O-O Bg4 14. Rhe1
Rac8 15. Rd2 e6 16. Nc3 Rxd2 17. Bxd2 e5 18. Be3 Nd4 19. Bxb7 Rxc5 20. f3 Bd7
21. Rd1 Rc7 22. Bd5 Kf8 23. Bd2 Bc6 24. Kb1 Bxd5 25. Nxd5 Rb7 26. Re1 f5 27. Ne3
Rc7 28. Bc3 Kf7 29. Nc2 Ke6 1/2-1/2

[Event "TCh-TUR Super League 2014"]
[Site "Kocaeli TUR"]
[Date "2014.08.19"]
[Round "2.4"]
[Board "4"]
[White "Ertan, Can"]
[Black "Citak, Selim"]
[Result "1/2-1/2"]
[WhiteTitle "FM"]
[BlackTitle "FM"]
[WhiteElo "2246"]
[BlackElo "2340"]
[WhiteTeam "Antalya Calli Spor Kulubu"]
[BlackTeam "Denizsu Aquamatch Satranc Genclik VE Spor Kulubu"]
[WhiteFideId "6306330"]
[BlackFideId "6301819"]
[EventDate "2014.08.18"]

1. e4 e5 2. Nf3 Nc6 3. Bb5 a6 4. Ba4 Nf6 5. O-O Be7 6. Re1 b5 7. Bb3 d6 8. c3
O-O 9. a4 Bg4 10. d3 Na5 11. Bc2 c5 12. axb5 axb5 13. Nbd2 Nc6 14. Rxa8 Qxa8 15.
h3 Bd7 16. d4 cxd4 17. cxd4 Rc8 18. Nb3 Qa2 19. Qe2 Nb4 20. Bd1 Rc4 21. Bg5 h6
22. Bxf6 Bxf6 23. Qd2 Be6 24. d5 Bd7 25. Nc1 Rxc1 26. Qxc1 Nd3 27. Qc7 Nxe1 28.
Nxe1 Qb1 29. Qxd7 Qxd1 30. Kf1 Qb3 31. Qc8+ Kh7 32. Qc3 Qa4 33. Qc2 Qb4 34. Ke2
Bd8 35. Nf3 Bb6 36. g4 Bc5 37. h4 g6 38. h5 Kg7 39. Kf1 Kh7 40. Nd2 Kg7 41. Qc3
Qxc3 42. bxc3 gxh5 43. gxh5 Kf6 44. Nf3 Bb6 45. Ke2 Bc5 46. Ke1 Bb6 47. Ke2 Bc5
48. Kd3 Bxf2 49. c4 bxc4+ 50. Kxc4 Ke7 51. Nh2 Bg3 52. Ng4 Bf4 53. Kd3 Bg5 54.
Ke2 Kd7 55. Kf3 Ke7 56. Nh2 Bf4 57. Ng4 Bg5 58. Nf2 Bd2 59. Kg4 Kf6 60. Nd1 Bg5
61. Nc3 Ke7 62. Kf5 Bd2 63. Nd1 Bg5 64. Nc3 Bd2 65. Nb5 Bg5 66. Na7 Kd7 67. Nb5
Ke7 68. Nc3 1/2-1/2

[Event "TCh-TUR Super League 2014"]
[Site "Kocaeli TUR"]
[Date "2014.08.19"]
[Round "2.4"]
[Board "5"]
[White "Secer, Ata"]
[Black "Sari, Yasin"]
[Result "1-0"]
[WhiteTitle "FM"]
[WhiteElo "2319"]
[BlackElo "2076"]
[WhiteTeam "Denizsu Aquamatch Satranc Genclik VE Spor Kulubu"]
[BlackTeam "Antalya Calli Spor Kulubu"]
[WhiteFideId "6303293"]
[BlackFideId "6320902"]
[EventDate "2014.08.18"]

1. e4 c5 2. Nf3 d6 3. d4 cxd4 4. Nxd4 Nf6 5. f3 a6 6. c4 e6 7. Nc3 Be7 8. Be3 b6
9. Be2 O-O 10. O-O Bb7 11. Qd2 Nbd7 12. a4 Rc8 13. a5 bxa5 14. Nb3 Ba8 15. Nxa5
Qc7 16. Rfc1 Qb8 17. b4 d5 18. c5 dxe4 19. Nxe4 Rcd8 20. c6 Bxb4 21. Qd4 Bxa5
22. Rxa5 Qc7 23. cxd7 Qxa5 24. Nxf6+ gxf6 25. Bh6 Qf5 26. Bxf8 Kxf8 27. Qd6+ Kg8
28. Rc8 Qa5 29. Qxa6 1-0

[Event "TCh-TUR Super League 2014"]
[Site "Kocaeli TUR"]
[Date "2014.08.19"]
[Round "2.4"]
[Board "6"]
[White "Mammadova, Gulnar"]
[Black "Dzagnidze, Nana"]
[Result "0-1"]
[WhiteTitle "WGM"]
[BlackTitle "GM"]
[WhiteElo "2334"]
[BlackElo "2550"]
[WhiteTeam "Antalya Calli Spor Kulubu"]
[BlackTeam "Denizsu Aquamatch Satranc Genclik VE Spor Kulubu"]
[WhiteFideId "13403508"]
[BlackFideId "13601903"]
[EventDate "2014.08.18"]

1. e4 c5 2. Nf3 e6 3. c3 Nf6 4. e5 Nd5 5. d4 cxd4 6. cxd4 Nc6 7. Bc4 d6 8. O-O
Nb6 9. Bd3 Nb4 10. Bg5 Be7 11. Bxe7 Qxe7 12. Bb5+ Bd7 13. Nc3 O-O 14. Bxd7 Qxd7
15. Ne4 d5 16. Nf6+ gxf6 17. exf6 Nc6 18. Qd2 Kh8 19. Qh6 Rg8 20. Ng5 Rxg5 21.
Qxg5 Rg8 22. Qf4 Nc4 23. b3 Nd6 24. Rad1 Nf5 25. Rd3 Nfxd4 26. Re1 e5 27. Qh6
Qf5 28. Rg3 Ne2+ 0-1

[Event "TCh-TUR Super League 2014"]
[Site "Kocaeli TUR"]
[Date "2014.08.19"]
[Round "2.4"]
[Board "7"]
[White "Firat, Burak"]
[Black "Burcu, Cagatay"]
[Result "1-0"]
[WhiteTitle "IM"]
[WhiteElo "2456"]
[BlackElo "2099"]
[WhiteTeam "Denizsu Aquamatch Satranc Genclik VE Spor Kulubu"]
[BlackTeam "Antalya Calli Spor Kulubu"]
[WhiteFideId "6305881"]
[BlackFideId "6310630"]
[EventDate "2014.08.18"]

1. e4 Nf6 2. e5 Nd5 3. c4 Nb6 4. c5 Nd5 5. d4 d6 6. cxd6 exd6 7. Nf3 Be7 8. Bc4
Nb6 9. Bb3 O-O 10. O-O Bf5 11. Qe2 d5 12. Nc3 Nc6 13. h3 Qd7 14. Re1 Nd8 15. Bd2
Ne6 16. Rac1 Rac8 17. Be3 Rfd8 18. Red1 h6 19. Nh2 Qe8 20. Qf3 Bg6 21. Nxd5 Nxd5
22. Bxd5 Ng5 23. Bxg5 Bxg5 24. Rc3 c6 25. Bb3 c5 26. Qg4 Kh7 27. h4 f5 28. Qh3
Be7 29. d5 Bf8 30. Nf3 b5 31. d6 c4 32. h5 Bxh5 33. d7 Rxd7 34. Qxf5+ 1-0

[Event "TCh-TUR Super League 2014"]
[Site "Kocaeli TUR"]
[Date "2014.08.19"]
[Round "2.4"]
[Board "8"]
[White "Durmaz, Ayca Fatma"]
[Black "Patel, Yesim"]
[Result "1-0"]
[WhiteTitle "WCM"]
[BlackTitle "WCM"]
[WhiteElo "1867"]
[BlackElo "1882"]
[WhiteTeam "Antalya Calli Spor Kulubu"]
[BlackTeam "Denizsu Aquamatch Satranc Genclik VE Spor Kulubu"]
[WhiteFideId "6317855"]
[BlackFideId "6300200"]
[EventDate "2014.08.18"]

1. c4 e5 2. Nc3 Nc6 3. g3 g6 4. Bg2 Bg7 5. d3 d6 6. e3 f5 7. Nge2 Nf6 8. O-O O-O
9. Rb1 a5 10. a3 Ne7 11. b4 axb4 12. axb4 g5 13. f4 gxf4 14. exf4 Ng6 15. b5 h5
16. Nd5 e4 17. Nxf6+ Bxf6 18. dxe4 Ra2 19. Re1 c6 20. bxc6 bxc6 21. c5 Re8 22.
cxd6 fxe4 23. Rb8 Kg7 24. Bh3 Bxh3 25. Rxd8 Rxd8 26. Qb3 Ra7 27. Be3 Rad7 28.
Bc5 Nf8 29. f5 Bxf5 30. Nf4 Bg4 31. Rxe4 Ra8 1-0

[Event "TCh-TUR Super League 2014"]
[Site "Kocaeli TUR"]
[Date "2014.08.19"]
[Round "2.4"]
[Board "9"]
[White "Tuncer, Tuna"]
[Black "Tasdogen, Dincer"]
[Result "1-0"]
[WhiteElo "1996"]
[BlackElo "1797"]
[WhiteTeam "Denizsu Aquamatch Satranc Genclik VE Spor Kulubu"]
[BlackTeam "Antalya Calli Spor Kulubu"]
[WhiteFideId "6349269"]
[BlackFideId "6367097"]
[EventDate "2014.08.18"]

1. e4 c5 2. Nf3 e6 3. d4 cxd4 4. Nxd4 Nf6 5. Nc3 Nc6 6. Nxc6 bxc6 7. e5 Nd5 8.
Ne4 Qc7 9. f4 Qb6 10. c4 Bb4+ 11. Ke2 Ba6 12. Kf3 f5 13. exf6 Nxf6 14. Be3 Qa5
15. Nxf6+ gxf6 16. Kf2 O-O-O 17. Qd4 e5 18. Qxa7 Bb7 19. Qxa5 Bxa5 20. c5 Bc7
21. fxe5 Bxe5 22. Rb1 Kc7 23. Bc4 Ra8 24. Rhd1 Rhe8 25. g3 Re7 26. Rd2 Rae8 27.
Bd4 Ra8 28. Rbd1 Bc8 29. Re2 Ra4 30. Bxe5+ fxe5 31. b3 Ra5 32. b4 Ra4 33. Rb2 e4
34. Rd4 Re5 35. Ke3 Ba6 36. Bb3 Ra3 37. Rxe4 Rf5 38. Rf2 Rh5 39. Re7 Bc4 40. Rd2
Bxb3 41. Rexd7+ Kb8 42. Rd8+ Kb7 43. R2d7+ Ka6 44. Ra8+ 1-0

[Event "TCh-TUR Super League 2014"]
[Site "Kocaeli TUR"]
[Date "2014.08.19"]
[Round "2.5"]
[Board "1"]
[White "Amonatov, Farrukh"]
[Black "Guner, Sati Emre"]
[Result "1-0"]
[WhiteTitle "GM"]
[WhiteElo "2590"]
[BlackElo "2041"]
[WhiteTeam "Hatay Buyuksehir Belediye Genclik VE Spor Kulubu"]
[BlackTeam "Aliaga Genclik VE Spor Kulubu Dernegi"]
[WhiteFideId "14700077"]
[BlackFideId "6304192"]
[EventDate "2014.08.18"]

1. e4 e5 2. Nf3 Nc6 3. Bb5 f5 4. Nc3 Nf6 5. d3 fxe4 6. Nxe4 d5 7. Nxf6+ Qxf6 8.
Bg5 Qf5 9. O-O Bd6 10. Bh4 O-O 11. Bg3 Bd7 12. c4 dxc4 13. Bxc4+ Kh8 14. Bd5
Rae8 15. Re1 Nd4 16. Bxb7 Bc6 17. Nxd4 1-0

[Event "TCh-TUR Super League 2014"]
[Site "Kocaeli TUR"]
[Date "2014.08.19"]
[Round "2.5"]
[Board "2"]
[White "Yasar, Ugur"]
[Black "Kazhgaleyev, Murtas"]
[Result "0-1"]
[BlackTitle "GM"]
[WhiteElo "1777"]
[BlackElo "2563"]
[WhiteTeam "Aliaga Genclik VE Spor Kulubu Dernegi"]
[BlackTeam "Hatay Buyuksehir Belediye Genclik VE Spor Kulubu"]
[WhiteFideId "6324754"]
[BlackFideId "13700316"]
[EventDate "2014.08.18"]

1. d4 Nf6 2. Nf3 e6 3. e3 b6 4. Nbd2 Bb7 5. Bd3 c5 6. b3 g6 7. Bb2 Bg7 8. O-O
O-O 9. Qe2 Nc6 10. a3 Rc8 11. Rac1 d5 12. c4 cxd4 13. Nxd4 Nxd4 14. Bxd4 Qd6 15.
b4 e5 16. c5 Qe7 17. Bc3 Nh5 18. Ba6 bxc5 19. Bxb7 Qxb7 20. bxc5 d4 21. Bb4 dxe3
22. fxe3 Qc6 23. Nc4 Nf6 24. Nxe5 Qe6 25. Nf3 Rfe8 26. Nd4 Qxe3+ 27. Qxe3 Rxe3
28. Nb5 a6 29. Nd6 Rc6 30. Rce1 Rxe1 31. Rxe1 Bf8 32. Rf1 Be7 33. h3 h5 34. Rd1
h4 35. Kf1 a5 36. Bxa5 Rxc5 37. Bb4 Rc6 38. Ke2 Rc2+ 39. Rd2 Rxd2+ 40. Bxd2 Bxd6
41. a4 Ne4 42. Be1 g5 43. a5 f5 44. a6 Bb8 45. Bb4 Ba7 46. Kd3 Nc5+ 47. Kc4 Nxa6
48. Be7 Be3 49. Kd5 Kf7 50. Bd6 Kg6 51. Kc6 Bf4 0-1

[Event "TCh-TUR Super League 2014"]
[Site "Kocaeli TUR"]
[Date "2014.08.19"]
[Round "2.5"]
[Board "3"]
[White "Ali Marandi, Cemil Can"]
[Black "Ozkan, Ufuk"]
[Result "1-0"]
[WhiteTitle "IM"]
[WhiteElo "2397"]
[BlackElo "1717"]
[WhiteTeam "Hatay Buyuksehir Belediye Genclik VE Spor Kulubu"]
[BlackTeam "Aliaga Genclik VE Spor Kulubu Dernegi"]
[WhiteFideId "6300529"]
[BlackFideId "6349218"]
[EventDate "2014.08.18"]

1. e4 e6 2. d4 d5 3. Nd2 Nc6 4. Ngf3 Nf6 5. e5 Nd7 6. Be2 f6 7. exf6 Qxf6 8. Nf1
Bd6 9. Ne3 Ne7 10. O-O c6 11. Bd3 Ng6 12. Ng4 Qe7 13. Ng5 Nf6 14. Nxh7 Nf8 15.
Nhxf6+ gxf6 16. f4 Bd7 17. Qf3 O-O-O 18. Bd2 Nh7 19. Rae1 Rdg8 20. Nh6 Re8 21.
Bg6 Rd8 22. Nf7 1-0

[Event "TCh-TUR Super League 2014"]
[Site "Kocaeli TUR"]
[Date "2014.08.19"]
[Round "2.5"]
[Board "4"]
[White "Demiral, Abdulkadir"]
[Black "Gulbas, Cemil"]
[Result "0-1"]
[BlackTitle "IM"]
[WhiteElo "1699"]
[BlackElo "2365"]
[WhiteTeam "Aliaga Genclik VE Spor Kulubu Dernegi"]
[BlackTeam "Hatay Buyuksehir Belediye Genclik VE Spor Kulubu"]
[WhiteFideId "6349021"]
[BlackFideId "201820"]
[EventDate "2014.08.18"]

1. d4 Nf6 2. Nf3 e6 3. g3 b6 4. Bg2 Bb7 5. O-O c5 6. c4 cxd4 7. Nxd4 Bxg2 8.
Kxg2 a6 9. Nc3 Qc7 10. Qd3 Be7 11. b3 O-O 12. a4 Rd8 13. e4 Nc6 14. Nxc6 dxc6
15. Qe2 Nd7 16. Be3 a5 17. Rad1 Nc5 18. Qc2 e5 19. Rxd8+ Rxd8 20. Rd1 Ne6 21.
Ne2 Bc5 22. Bxc5 Nxc5 23. f3 Kf8 24. Nc1 Rxd1 25. Qxd1 Ke7 26. Kf2 f6 27. Qd2
Ke8 28. Qd1 Qe7 29. Qd2 Ne6 30. Ne2 Qa3 31. Qe3 Nc5 32. Nc1 Qxc1 0-1

[Event "TCh-TUR Super League 2014"]
[Site "Kocaeli TUR"]
[Date "2014.08.19"]
[Round "2.5"]
[Board "7"]
[White "Buyukasik, Diyap"]
[Black "Cingoz, Ozan"]
[Result "0-1"]
[WhiteElo "2165"]
[BlackElo "1930"]
[WhiteTeam "Hatay Buyuksehir Belediye Genclik VE Spor Kulubu"]
[BlackTeam "Aliaga Genclik VE Spor Kulubu Dernegi"]
[WhiteFideId "6319602"]
[BlackFideId "6333397"]
[EventDate "2014.08.18"]

1. Nf3 Nf6 2. g3 e6 3. Bg2 Be7 4. O-O O-O 5. d3 d5 6. Nbd2 c5 7. e4 Nc6 8. e5
Nd7 9. Re1 b5 10. Nf1 a5 11. h4 a4 12. c4 bxc4 13. dxc4 Nb6 14. cxd5 Nxd5 15. a3
Bb7 16. N1d2 Qc7 17. Qc2 Rfc8 18. Qe4 Nd4 19. Nxd4 cxd4 20. Qg4 Rd8 21. Be4 Nb6
22. Nf3 d3 23. Bh6 Bf8 24. Rec1 Qd7 25. Be3 Bxe4 26. Qxe4 Qb5 27. Ng5 g6 28. Qb7
Rd7 29. Qxb6 Qxe5 30. Qc6 Rad8 31. Qxa4 d2 32. Rd1 Qxb2 33. Ne4 Qe5 34. Ra2 Rd4
35. Bxd4 Rxd4 36. Qc2 Rxe4 37. Qxd2 Bc5 38. Qh6 Qxg3+ 0-1

[Event "TCh-TUR Super League 2014"]
[Site "Kocaeli TUR"]
[Date "2014.08.19"]
[Round "2.5"]
[Board "9"]
[White "Temizkan, Denizcan"]
[Black "Karaoglan, Kivanc"]
[Result "1/2-1/2"]
[WhiteTitle "CM"]
[WhiteElo "1972"]
[BlackElo "1903"]
[WhiteTeam "Hatay Buyuksehir Belediye Genclik VE Spor Kulubu"]
[BlackTeam "Aliaga Genclik VE Spor Kulubu Dernegi"]
[WhiteFideId "6325157"]
[BlackFideId "6329152"]
[EventDate "2014.08.18"]

1. d4 d5 2. c4 c6 3. Nf3 Nf6 4. Nc3 g6 5. e3 Bg7 6. Be2 O-O 7. O-O a6 8. Bd2 b5
9. cxd5 cxd5 10. Qb3 Nc6 11. Ne5 Nxe5 12. dxe5 Ne4 13. Nxe4 dxe4 14. Bc3 Be6 15.
Qb4 Bd5 16. a4 bxa4 17. Rxa4 Qc7 18. Qa5 Qc6 19. Rb4 Rfc8 20. Ra1 e6 21. h3 Rab8
22. Rxb8 Rxb8 23. Qxa6 Qc7 24. Qd6 Qb7 25. Ra4 Bf8 26. Qa6 Qb3 27. Bc4 Qd1+ 28.
Kh2 Ra8 29. Qxa8 Bxa8 30. Rxa8 Kg7 31. Ra7 Kg8 32. Bb5 Qd8 33. Bd4 Qb8 34. Bc6
Kg7 35. Rb7 Qc8 36. Bxe4 Qc4 37. g3 Qf1 38. f4 Qf2+ 39. Bg2 Qe1 40. Rc7 h5 41.
h4 Qf2 42. Rb7 Qd2 43. Rc7 Qe1 44. Bc5 Bxc5 45. Rxc5 Qb4 46. Rc2 Qb3 47. Re2 Kf8
48. Kg1 Ke7 49. Kf2 Qd1 50. Bc6 Qb3 51. Be4 Qb4 52. Bd3 Qb7 53. Rc2 Qb3 54. Be4
Qb4 55. Bf3 Qb3 56. Rc7+ Kf8 57. Rb7 Qc2+ 58. Be2 Qc6 59. Rb8+ Kg7 60. b4 Qc7
61. Rb5 Qc3 62. Rb7 Qc6 63. Bf3 Qc2+ 64. Kg1 Qc1+ 65. Kh2 Qxe3 66. Bg2 g5 67.
fxg5 Qxe5 68. b5 Qd6 69. Bc6 Qd2+ 70. Kh3 Qd3 71. b6 Qf5+ 72. Kh2 Qc5 73. Bg2
Qd6 74. Bf3 Kg6 75. Be4+ f5 76. Bf3 e5 77. Kh3 Qd3 78. Bc6 f4 79. Be8+ Kf5 80.
Bd7+ Ke4 81. Bc6+ Ke3 82. Ra7 Qf5+ 83. Kh2 fxg3+ 84. Kxg3 Qg4+ 85. Kh2 Qxh4+ 86.
Kg1 Qf2+ 87. Kh1 Qh4+ 88. Kg1 1/2-1/2